| 000 | 00443nam a2200157 4500 | ||
|---|---|---|---|
| 001 | 116136 | ||
| 003 | ES-MaACL | ||
| 005 | 20230906190637.0 | ||
| 007 | t| | ||
| 008 | 061121s1968 sp r ||||1| spa d | ||
| 100 | 1 |
_aPatiño Torres, Juan. _989579 |
|
| 245 | 1 | 0 |
_aNo _b: novela / _cJuan Patiño Torres. |
| 260 |
_aAvila : _b[s. n.], _c1968 ( _fImp. del Diario de Avila) |
||
| 300 |
_a252 p. ; _c17 cm. |
||
| 852 |
_aES-MaACL _jC-36868 _bR.67809 |
||
| 999 |
_c116136 _d116136 |
||